Valtiot, joissa on eniten turisteja - Statistics

Yleistilastot
  • Tätä visaa on pelattu 38 kertaa
  • Keskiarvotulos 19 / 24
Vastaustilastot
# Määrä Valtio % Oikein
66,5 m Yhdysvallat
100%
85,2 m Espanja
97%
25,0 m Japani
97%
24,8 m Kiina
97%
32,7 m Kreikka
97%
100 m Ranska
97%
32,2 m Intia
94%
57,3 m Italia
94%
34,8 m Saksa
94%
28,2 m Thaimaa
94%
37,2 m Yhdistynyt kuningaskunta
94%
18,3 m Kanada
91%
42,0 m Meksiko
88%
26,5 m Portugali
82%
55,2 m Turkki
82%
20,3 m Alankomaat
79%
19,0 m Puola
76%
30,9 m Itävalta
73%
21,1 m Sveitsi
73%
28,2 m Yhdistyneet arabiemiraatit
61%
15,8 m Kroatia
52%
27,4 m Saudi-Arabia
45%
20,1 m Malesia
36%
21,1 m Singapore
36%
Ehtoja vastaavia visoja ei löytynyt
Tulosjakauma
Jokaisen tuloksen saaneiden osuus
Persentiili vastausten määrän mukaan
Tuloshistoriasi
Et ole pelannut tätä visaa